| 000 | 00338nam a22001457a 4500 | ||
|---|---|---|---|
| 003 | SGT | ||
| 082 |
_a612 _bG16B |
||
| 100 | _aBARRETT, KIME AND BOITANO | ||
| 245 | _aGANONG'S REVIEW OF MEDICAL PHYSIOLOGY | ||
| 250 | _a25TH | ||
| 260 |
_aVARANASI _bMC GRAW HILL EDUCATION _c2016 |
||
| 300 | _a750 | ||
| 650 | _aPHYSIOLOGY | ||
| 942 |
_2ddc _cBK |
||
| 999 |
_c8469 _d8469 |
||